000 00762nam a2200241 a 4500
001 0000
003 DO-SdBNP
005 20240530073934.0
007 ta
008 100329s1911 dr 000 0 spa d
040 _aDO-SdBNP
_bspa
_cBNPHU
082 4 _aRD864.3
_bC422e
_222
100 1 _aCestero, Tulio M.,
_q(Tulio Manuel),
_d1877-1955
_91698
245 1 0 _aEnsayos críticos :
_b1 Gastón F. Deligne /
_cManuel Cestero F.
260 _aSanto Domingo :
_bLa Cuna de América,
_c1911.
300 _a64 p. ;
_c20 cm.
590 _aInventariado, 2018/LP
600 1 4 _aDeligne, Gastón Fernando,
_d1861-1913.
_977241
650 0 _aEnsayos dominicanos
_965
650 0 _aLiteratura dominicana.
_967
910 _aValidado. Control de calidad MFF
942 _2ddc
_cLBS1
999 _c17159
_d17159